National policy studies / (Record no. 126298)

MARC details
000 -LEADER
fixed length control field 00672nam a22002297a 4500
005 - DATE AND TIME OF LATEST TRANSACTION
control field 20170124110008.0
010 ## - LIBRARY OF CONGRESS CONTROL NUMBER
LC control number A-410879
020 ## - INTERNATIONAL STANDARD BOOK NUMBER
Terms of availability 00.00
035 ## - SYSTEM CONTROL NUMBER
System control number A-410879
037 ## - SOURCE OF ACQUISITION
Source of stock number/acquisition Cen Lib/Ret
040 ## - CATALOGING SOURCE
Original cataloging agency DPL
Language of cataloging EN
082 ## - DEWEY DECIMAL CLASSIFICATION NUMBER
Classification number 351.0072
Item number NAT
245 ## - TITLE STATEMENT
Title National policy studies /
Statement of responsibility, etc edited by Subhash C. Kashyap
260 ## - PUBLICATION, DISTRIBUTION, ETC. (IMPRINT)
Place of publication, distribution, etc New Delhi
Name of publisher, distributor, etc Tata McG-raw hill company
Date of publication, distribution, etc 1990
270 ## - ADDRESS
City New Delhi
Address 4/12, Asaf ali road
300 ## - PHYSICAL DESCRIPTION
Extent xvii,770
Dimensions 22cm(Hb)
500 ## - GENERAL NOTE
General note Includes index
650 ## - SUBJECT ADDED ENTRY--TOPICAL TERM
Topical term or geographic name as entry element Public administarion
9 (RLIN) 17171
650 ## - SUBJECT ADDED ENTRY--TOPICAL TERM
Topical term or geographic name as entry element National policy
9 (RLIN) 17172
700 ## - ADDED ENTRY--PERSONAL NAME
Personal name Kashyap, Subhash C.
9 (RLIN) 8440
942 ## - ADDED ENTRY ELEMENTS (KOHA)
Source of classification or shelving scheme Dewey Decimal Classification
Koha item type English Books
Classification part 351.0072
Call number suffix NAT
Holdings
Withdrawn status Lost status Damaged status Not for loan Home library Current library Date acquired Source of acquisition Cost, normal purchase price Total Checkouts Full call number Barcode Date last seen Date checked out Copy number Cost, replacement price Price effective from Koha item type
        Central Library Central Library 25/06/2015 Cen Lib/Ret 0.00 1 351.0072 NAT A-410879 22/10/2020 09/10/2020 1 0.00 25/06/2015 English Books

© Delhi Public Library
Hit Counter
free hit counter